=LDR 00000nam 2200000 4500 =001 INLIS000000000038815 =005 20130612144457 =008 ***********************************Ind** =035 ##$$0010-061300000038815 =041 ##$$a Ind =082 ##$$a 813.081 =090 ##$$a 813.081, Cus g =100 ##$$a Cussler, Clive =245 ##$$a Golden Budha, Misteri budha emas dalam lama dan kekayaan terpendam/Clive Cussler, Crag Dingo =260 ##$$a 2009 $b Jakarta =300 ##$$a 404 hlm., 19 cm =650 ##$$a Fiksi Indinesia - Historis =850 ##$$a NBPNMAT